School of Vanishing Theorems and Effective Results in Algebraic Geometry (Record no. 7956)

MARC details
000 -LEADER
fixed length control field 00560nam a22001577a 4500
003 - CONTROL NUMBER IDENTIFIER
control field NG-AbAUS
008 - FIXED-LENGTH DATA ELEMENTS--GENERAL INFORMATION
fixed length control field 160831b xxu||||| |||| 00| 0 eng d
020 ## - INTERNATIONAL STANDARD BOOK NUMBER
International Standard Book Number 929503098
082 ## - DEWEY DECIMAL CLASSIFICATION NUMBER
Edition number First Edition
Classification number 516.3 D29
100 ## - MAIN ENTRY--PERSONAL NAME
Personal name Demaily J. P
Dates associated with a name 2000
9 (RLIN) 963
245 ## - TITLE STATEMENT
Title School of Vanishing Theorems and Effective Results in Algebraic Geometry
Remainder of title ; ICTP Lecture Note
Statement of responsibility, etc Demailly J. P., Gottsche L., & Lazarsfeld R.
250 ## - EDITION STATEMENT
Edition statement First Edition
260 ## - PUBLICATION, DISTRIBUTION, ETC. (IMPRINT)
Place of publication, distribution, etc Trieste, Italy
Name of publisher, distributor, etc The Abdus Salam ICTP
Date of publication, distribution, etc 2001
300 ## - PHYSICAL DESCRIPTION
Extent Pp 393
Other physical details Illustrations, Symbols
Dimensions 24 cm
942 ## - ADDED ENTRY ELEMENTS (KOHA)
Source of classification or shelving scheme Dewey Decimal Classification
Item type Book

No items available.